Arsenal Football Club - Greatest 50 Players - Statistics

General Stats
  • This quiz has been taken 110 times
  • The average score is 12 of 50
Answer Stats
Rank Player % Correct
1 Thierry Henry
100%
2 Dennis Bergkamp
89%
6 Robert Pires
71%
3 Tony Adams
71%
15 Sol Campbell
67%
4 Ian Wright
66%
7 David Seaman
60%
25 Ashley Cole
59%
11 Freddie Ljungberg
57%
5 Patrick Viera
54%
21 Lee Dixon
45%
20 Martin Keown
42%
22 Emmanuel Petit
40%
32 Nigel Winterburn
38%
19 Ray Parlour
37%
12 Marc Overmars
34%
26 Paul Merson
26%
29 Nicolas Anelka
25%
33 Sylvian Wiltord
25%
27 Alan Smith
23%
16 David Rocastle
22%
17 Pat Rice
22%
14 David O'Leary
21%
8 Liam Brady
18%
42 George Graham
16%
9 Charlie George
12%
13 Kanu
12%
10 Pat Jennings
11%
28 Charlie Nicholas
8%
18 Cliff Bastin
8%
37 Michael Thomas
8%
38 Steve Williams
7%
39 Bob Wilson
5%
47 Frank Stapleton
5%
45 Alan Ball
3%
30 Frank McLintock
3%
36 Kenny Sansom
3%
44 Malcolm Macdonald
3%
48 Tony Woodcock
3%
46 Alex James
2%
49 David Jack
2%
40 George Armstrong
2%
41 George Eastham
2%
24 John Radford
2%
31 Ted Drake
2%
50 Peter Storey
1%
35 Sammy Nelson
1%
43 Andy Ducat
0%
23 Brian Talbot
0%
34 Danny Clapton
0%
No matching quizzes found
Score Distribution
Percent of People with Each Score
Percentile by Number Answered
Your Score History
You have not taken this quiz